Julia Roberts Movies Quiz Stats

 Plays Quiz Updated Dec 31, 2020

Support Sporcle.
Go Orange.
Score 0/47 Timer 07:00
3 Plays Today
Year Movie Title % Correct
1990Pretty Woman
94.5%
2001Ocean's Eleven
84%
2004Ocean's Twelve
82.2%
2000Erin Brockovich
71.1%
1999Runaway Bride
68.4%
1991Hook
67.8%
2017Smurfs: The Lost Village
66%
1988Mystic Pizza
61.7%
1999Notting Hill
58.9%
1989Steel Magnolias
56.1%
1997My Best Friend's Wedding
55.2%
2012Mirror Mirror
47.5%
1993The Pelican Brief
45.9%
2003Mona Lisa Smile
43.1%
1991Sleeping with the Enemy
40.7%
1998Stepmom
37.6%
2007Charlie Wilson's War
34.7%
2001America's Sweethearts
33.4%
2016Mother's Day
32.5%
2010Eat Pray Love
31.4%
2017Wonder
31.1%
2001The Mexican
29.5%
1990Flatliners
27.5%
2004Closer
25.6%
Year Movie Title % Correct
2016Money Monster
24.2%
2018Ben is Back
23.6%
1997Conspiracy Theory
23.6%
2010Valentine's Day
22.2%
1996Mary Reilly
21.8%
2013August: Osage County
21.3%
2009Duplicity
19.6%
1995Something to Talk About
18.8%
2015Secret in Their Eyes
18.7%
1991Dying Young
17.6%
2006Charlotte's Web
16.3%
2011Larry Crowne
14.9%
1994I Love Trouble
14%
1988Satisfaction
12.5%
1996Michael Collins
11%
2002Full Frontal
10%
2002Confessions of a Dangerous Mind
9.7%
2006The Ant Bully
9.4%
1996Everyone Says I Love You
8.9%
1995Prêt-à-Porter
8.6%
1989Blood Red
7.3%
2008Fireflies in the Garden
6.8%
2002Grand Champion
5.6%

From the Vault

Top Charting Musical Artists (1980s)

by downunder

Music 10m
It doesn't get more '80s than this.
Remove Ads.
Support Sporcle.
Get the best of Sporcle when you Go Orange. This ad-free experience offers more features, more stats, and more fun while also helping to support Sporcle. Thank you for becoming a member.

Show Comments

Extras

Top Quizzes Today


Score Distribution

Your Account Isn't Verified!

In order to create a playlist on Sporcle, you need to verify the email address you used during registration. Go to your Sporcle Settings to finish the process.

Report this User

Report this user for behavior that violates our Community Guidelines.

Details: